000 00432nam a2200121Ia 4500
008 171212s9999 xx 000 0 und d
020 _a9780980672398
100 _aBacchi, Carol;Eveline, Joan
245 _cBacchi, Carol;Eveline, Joan
_aMainstreaming Politics
_bGendering Practices and Feminist Theory
260 _bUniversity of Adelaide Press
_c2010
650 _aSociology
856 _uhttp://jstor.org/stable/10.20851/j.ctt1t30564
999 _c352934
_d352934